Party structures rights in London (Record no. 371724)

000 -LEADER
fixed length control field 00393cam a22001337a 4500
008 - FIXED-LENGTH DATA ELEMENTS--GENERAL INFORMATION
fixed length control field 180718b1961 xxu||||| |||| 00| 0 eng d
082 ## - DEWEY DECIMAL CLASSIFICATION NUMBER
Classification number Y112x42 L469
100 ## - MAIN ENTRY--PERSONAL NAME
Personal name Leach, W.A.
245 ## - TITLE STATEMENT
Title Party structures rights in London
Statement of responsibility, etc. by W.A. Leach
260 ## - PUBLICATION, DISTRIBUTION, ETC.
Place of publication, distribution, etc. London
Name of publisher, distributor, etc. Estate Gazette
Date of publication, distribution, etc. 1961
300 ## - PHYSICAL DESCRIPTION
Extent 74p.
650 ## - SUBJECT ADDED ENTRY--TOPICAL TERM
Topical term or geographic name entry element Party walls --England --London
650 ## - SUBJECT ADDED ENTRY--TOPICAL TERM
Topical term or geographic name entry element Building laws --England --London
Holdings
Withdrawn status Lost status Damaged status Not for loan Permanent Location Current Location Date acquired Full call number Barcode Date last seen Price effective from Koha item type
        Indian Institute of Public Administration Indian Institute of Public Administration 1994-06-11 Y112x42 L469 32182 2018-07-21 2018-07-21 Book

Powered by Koha